logo

Bir Sreshtho Munshi Abdur Rouf Library
Jhenaidah Cadet College

foundation english for undergraduates / (Record no. 11465)

MARC details
000 -LEADER
fixed length control field 00802nam a2200265 a 4500
001 - CONTROL NUMBER
JCCL Control Number 11465
003 - CONTROL NUMBER IDENTIFIER
JCCL marc code BD-JhCC
005 - DATE AND TIME OF LATEST TRANSACTION
control field 20190924093222.0
008 - FIXED-LENGTH DATA ELEMENTS--GENERAL INFORMATION
fixed length control field 190624s20022014b |||| |||| 000 0 eng d
020 ## - INTERNATIONAL STANDARD BOOK NUMBER
International Standard Book Number 984700203407
035 ## - SYSTEM CONTROL NUMBER
system control number (BD-JhCC)11465
040 ## - CATALOGING SOURCE
Original cataloging agency BD-JhCC
Modifying agency BD-JhCC
041 ## - LANGUAGE CODE
Language code of Book eng
082 ## - DEWEY DECIMAL CLASSIFICATION NUMBER
Classification number 428.2
Author mark and Year MOS 2014
100 ## - MAIN ENTRY--PERSONAL NAME
Personal name Mostafa Billah, Quazi
245 ## - TITLE STATEMENT
Title foundation english for undergraduates /
Statement of responsibility, etc Quazi Mostain Billah, Golama Sarwar Chowdhury and Monjurul Alam
250 ## - EDITION STATEMENT
Edition statement 2nd ed.
260 ## - PUBLICATION, DISTRIBUTION, ETC. (IMPRINT)
Place of publication, distribution, etc Dhaka :
Name of publisher, distributor, etc Friends' Book Corner,
Date of publication, distribution, etc 2014 [reprint]
300 ## - PHYSICAL DESCRIPTION
Pagination 256 p. :
Dimensions 24 cm.
650 ## - SUBJECT ADDED ENTRY--TOPICAL TERM
Topical term or geographic name as entry element English language--Grammar
650 ## - SUBJECT ADDED ENTRY--TOPICAL TERM
Topical term or geographic name as entry element English language--Grammar--Study and teaching
700 ## - ADDED ENTRY--PERSONAL NAME
Personal name Chowdhury, Golama Sarwar
700 ## - ADDED ENTRY--PERSONAL NAME
Personal name Alam, Monjurul
942 ## - ADDED ENTRY ELEMENTS (KOHA)
Source of classification or shelving scheme Dewey Decimal Classification
Koha item type Books
Holdings
Source of classification or shelving scheme Damaged status Not for loan Home library Current library Shelving location Date of accession Cost, normal purchase price Total Checkouts Full call number Barcode Date last seen Date checked out Copy number Koha item type
Dewey Decimal Classification     JCC Rouf Library JCC Rouf Library General Stacks 06/24/2019 175.00 2 428.2 MOS 2014 15040 02/26/2025 01/21/2025 C-1 Books

JCC Library | Contacts | JCC Home

Last Update on 23 September 2017
Copyright @ 2017-2020 JCC Rouf Library
Rouf Library, Jhenidah Cadet College (JCC), Bangladesh